logo

Bir Sreshtho Munshi Abdur Rouf Library
Jhenaidah Cadet College

Energy and transport : (Record no. 5555)

MARC details
000 -LEADER
fixed length control field 01124cam a2200325 a 4500
001 - CONTROL NUMBER
JCCL Control Number 5555
003 - CONTROL NUMBER IDENTIFIER
JCCL marc code BD-JhCC
005 - DATE AND TIME OF LATEST TRANSACTION
control field 20171218102616.0
008 - FIXED-LENGTH DATA ELEMENTS--GENERAL INFORMATION
fixed length control field 820412s1982 caua b 001 0 eng
020 ## - INTERNATIONAL STANDARD BOOK NUMBER
International Standard Book Number 0803907869
020 ## - INTERNATIONAL STANDARD BOOK NUMBER
International Standard Book Number 0803907877 (pbk.)
035 ## - SYSTEM CONTROL NUMBER
system control number (BD-JhCC)5555
040 ## - CATALOGING SOURCE
Original cataloging agency DLC
Transcribing agency DLC
Modifying agency DLC
-- OCoLC
-- DLC
041 ## - LANGUAGE CODE
Language code of Book eng
050 00 - LIBRARY OF CONGRESS CALL NUMBER
Classification number HD9502.U52
Item number E446 1982
082 00 - DEWEY DECIMAL CLASSIFICATION NUMBER
Classification number 333.79
DDC Edition number 19
Author mark and Year ENE 1982
245 00 - TITLE STATEMENT
Title Energy and transport :
Remainder of title historical perspectives on policy issues /
Statement of responsibility, etc edited by George H. Daniels, Mark H. Rose.
260 ## - PUBLICATION, DISTRIBUTION, ETC. (IMPRINT)
Place of publication, distribution, etc Beverly Hills :
Name of publisher, distributor, etc Sage Publications,
Date of publication, distribution, etc c1982.
300 ## - PHYSICAL DESCRIPTION
Pagination 287 p. :
Other physical details ill. ;
Dimensions 22 cm.
490 0# - SERIES STATEMENT
Series statement Sage focus editions ;
Volume number/sequential designation 52
504 ## - BIBLIOGRAPHY, ETC. NOTE
Bibliography, etc Includes bibliographical references and index.
650 #0 - SUBJECT ADDED ENTRY--TOPICAL TERM
Topical term or geographic name as entry element Energy policy
Geographic subdivision United States
General subdivision History.
650 #0 - SUBJECT ADDED ENTRY--TOPICAL TERM
Topical term or geographic name as entry element Energy consumption
Geographic subdivision United States
General subdivision History.
650 #0 - SUBJECT ADDED ENTRY--TOPICAL TERM
Topical term or geographic name as entry element Transportation
Geographic subdivision United States
General subdivision History.
700 1# - ADDED ENTRY--PERSONAL NAME
Personal name Daniels, George H.
700 1# - ADDED ENTRY--PERSONAL NAME
Personal name Rose, Mark H.,
Dates associated with a name 1942-
856 42 - ELECTRONIC LOCATION AND ACCESS
Materials specified Publisher description
Uniform Resource Identifier http://www.loc.gov/catdir/enhancements/fy0660/82005642-d.html
942 ## - ADDED ENTRY ELEMENTS (KOHA)
Source of classification or shelving scheme Dewey Decimal Classification
Koha item type Books
Holdings
Source of classification or shelving scheme Damaged status Not for loan Home library Current library Shelving location Total Checkouts Full call number Barcode Date last seen Copy number Koha item type
Dewey Decimal Classification     JCC Rouf Library JCC Rouf Library General Stacks   333.79 ENE 1982 7073 12/18/2017 C - 1 Books

JCC Library | Contacts | JCC Home

Last Update on 23 September 2017
Copyright @ 2017-2020 JCC Rouf Library
Rouf Library, Jhenidah Cadet College (JCC), Bangladesh